Anime description foireuse # 2 - Statistiques

Statistiques générales
  • Ce quiz a été pris 4 039 fois
  • Le résultat moyen est 4 sur 15
Statistiques - réponses
Hint Réponse % Correct
Des géants tout nus veulent manger les humains alors ils leur coupent la nuque et vivent entre des murs Shingeki no Kyojin/Attack on Titan
97%
Des gamins veulent tuer un poulpe Ansatsu Kyoushitsu/Assassination Classroom
80%
Des ados dépressifs pilotent des robots géants pour sauver le monde Neon Genesis Evangelion
51%
Un homme redevenu enfant devient plus fort grâce à sa queue et cherche des boules dans l'univers Dragon Ball GT
47%
Un mec avec une grande épée accompagné d'un elfe tue des démons pour se venger d'un "hibout" Berserk
37%
Des passionnés de plongée vont dans l'océan, se baladent à poil, boivent des coups, rigolent et s'apprécient Grand Blue
28%
Un père et son fils entraînent tout le monde dans leur dispute Baki
19%
Un mec marche, meurt poignardé et se réincarne dans un autre monde en petite fille pendant la Première Guerre Mondiale car il a dit à Dieu qu'il n'existe pas Youjo Senki/Saga of Tanya the Evil
15%
Des meufs se battent grâce à leurs vêtements vivants buveurs de sang qui les rendent plus fortes Kill La Kill
14%
Un mec se fait trahir par ses camarades parce qu'il est faible, mange des pierres et des monstre pour devenir fort et crée malgré lui un harem pour se venger Arifureta Shokugyou de Sekai Saikyou/Arifureta: From Commonplace to World's Strongest
13%
Des persos de différents isekais sont à l'école Isekai Quartet
8%
Des lycéens sans amis créent un club pour faire des activités d'amis (1 garçon, 6 filles au total) Boku wa Tomodachi ga Sukunai/Haganai: I Don't Have Many Friends
1%
Un vampire aide des animaux Monogatari Series
1%
Un mec membre du club de littérature devient Berger pour aider les gens à réaliser leurs rêves Daitoshokan no Hitsujikai/A Good Librarian Like a Good Shepherd
0%
Un ado se prend pour Professeur Layton et résout des énigmes meurtrières Phi Brain: Kami no Puzzle/Phi Brain: Puzzle of God
0%
Aucun quiz correspondant
Distribution des résultats
% des personnes avec chaque résultat
Percentile par nombre de réponses
Votre historique - résultats
Vous n’avez pas pris ce quiz